El primer año de escuela en Chile: una investigación empírica sobre el efecto de la asistencia al jardín infantil y de la conducta del profesor sobre el rendimiento escolar de los niños de diferentes estratos sociales

Saved in:
Bibliografiske detaljer
Hovedforfatter: Filp, Johanna (Author)
Format: Bog
Sprog:spansk
Udgivet: Santiago CIDE 1988
Fag:
Tags: Tilføj Tag
Ingen Tags, Vær først til at tagge denne postø!

MARC

LEADER 00000nam a2200000 a 4500
001 UCW4064
003 CL-VaPUC
008 890818e19880000CL |||||||||||||||||spa|d
082 0 4 |a 372.24  |b FIL  |2 21 
100 0 |a Filp, Johanna  |e author  |9 308604 
245 1 3 |a El primer año de escuela en Chile: una investigación empírica sobre el efecto de la asistencia al jardín infantil y de la conducta del profesor sobre el rendimiento escolar de los niños de diferentes estratos sociales 
300 |a 199 p 
942 |c BK 
945 |d 19890818 00:00:00 
260 |a Santiago  |b CIDE  |c 1988 
500 |a Presentada originalmente como tesis del autor, Doctorado, Friburgo-Berisgovia 
650 7 |a DESERCION ESCOLAR  |2 CL-VaPUC  |9 307945 
650 0 |a Educación básica   |9 224933 
650 7 |a RENDIMIENTO EN EDUCACION  |2 CL-VaPUC  |9 308605 
650 7 |a ESCOLARES CONDICIONES SOCIALES  |2 CL-VaPUC  |9 308606 
650 0 |a Lectura  |9 307634 
651 7 |a CHILE  |2 CL-VaPUC  |9 308607 
583 |a last modification  |c 19890818 00:00:00  |k Rodrigo Vera 
999 |c 217887  |d 217885 
952 |0 0  |1 0  |4 0  |6 372_240000000000000_FIL_1988  |7 0  |8 P  |9 206491  |a BIBEDU  |b BIBEDU  |c BIBEDU_PB  |d 2019-11-15  |i 2743043  |o 372.24 FIL 1988  |p 2743043  |r 2024-01-25  |w 2019-11-15  |y BK  |k EDU 
952 |0 0  |1 0  |4 0  |6 372_240000000000000_FIL_1988  |7 0  |8 P  |9 206492  |a BIBEDU  |b BIBEDU  |c BIBEDU_PB  |d 2019-11-15  |i 2743051  |o 372.24 FIL 1988  |p 2743051  |r 2024-01-25  |w 2019-11-15  |y BK  |k EDU 
952 |0 0  |1 0  |4 0  |6 372_240000000000000_FIL_1988  |7 0  |8 P  |9 206493  |a BIBEDU  |b BIBEDU  |c BIBEDU_PB  |d 2019-11-15  |i 274306K  |o 372.24 FIL 1988  |p 274306K  |r 2024-01-25  |w 2019-11-15  |y BK  |k EDU 
952 |0 0  |1 0  |4 0  |6 372_240000000000000_FIL_1988  |7 0  |8 P  |9 206494  |a BIBEDU  |b BIBEDU  |c BIBEDU_PB  |d 2019-11-15  |i 2743078  |o 372.24 FIL 1988  |p 2743078  |r 2024-01-25  |w 2019-11-15  |y BK  |k EDU